书目信息 |
| 题名: |
费曼讲物理
|
|
| 作者: | 费曼 著 ;秦克诚 译 | |
| 分册: | 入门 | |
| 出版信息: | 长沙 湖南科学技术出版社 2012 |
|
| 页数: | 145页 | |
| 开本: | 21cm | |
| 丛书名: | 走近费曼丛书 | |
| 单 册: | ||
| 中图分类: | O4 , O4-49 | |
| 科图分类: | ||
| 主题词: | 物理学 | |
| 电子资源: | ||
| ISBN: | 978-7-5357-7240-4 | |
| 000 | 01238nam0 2200325 450 | |
| 001 | 1667 | |
| 005 | 20161130141344.68 | |
| 005 | 20130312170008 | |
| 010 | @a978-7-5357-7240-4@dCNY20.00 | |
| 100 | @a20130124d2012 em y0chiy0110 ea | |
| 101 | 1 | @achi@ceng |
| 102 | @aCN@b430000 | |
| 105 | @aa z 001yy | |
| 200 | 1 | @a费曼讲物理@9Feimanjiangwuli@i入门@f(美)R·P·费曼著@g秦克诚译 |
| 205 | @a2版 | |
| 210 | @a长沙@c湖南科学技术出版社@d2012 | |
| 215 | @a145页@c照片@d21cm | |
| 225 | 2 | @a走近费曼丛书 |
| 305 | @a根据美国Perseus Publishing公司1994年版译出 通过台湾博达著作权代理公司获得版权 | |
| 312 | @a书名原文:Six easy pieces: essentials of physics explained by its most brilliant teacher | |
| 330 | @a本书是从著名的R·P·费曼《物理学讲义》节选的六节物理课。内容包括“运动着的原子”、“基础物理学”、“物理学与其他学科的关系”、“能量守恒”、“万有引力理论”、“量子行为”六部分。 | |
| 461 | 0 | @12001 @a走近费曼丛书 |
| 510 | 1 | @aSix easy pieces: essentials of physics explained by its most brilliant teacher@zeng |
| 606 | 0 | @a物理学 |
| 690 | @aO4@v5 | |
| 690 | @aO4-49@v4 | |
| 701 | 0 | @a费曼@c(美)@4著 |
| 702 | 0 | @a秦克诚@4译 |
| 801 | 0 | @aCN@b大连网信软件有限公司图书馆·11@c20161130 |
| 905 | @aZUCC@dO4@e636=2 | |
| 费曼讲物理.入门/(美)R·P·费曼著/秦克诚译.-2版.-长沙:湖南科学技术出版社,2012 |
| 145页:照片;21cm.-(走近费曼丛书) |
| ISBN 978-7-5357-7240-4:CNY20.00 |
| 本书是从著名的R·P·费曼《物理学讲义》节选的六节物理课。内容包括“运动着的原子”、“基础物理学”、“物理学与其他学科的关系”、“能量守恒”、“万有引力理论”、“量子行为”六部分。 |
| ● |
| 相关链接 |
|
|
|
|
正题名:费曼讲物理
索取号:O4/636=2
 
预约/预借
| 序号 | 登录号 | 条形码 | 馆藏地/架位号 | 状态 | 备注 |
| 1 | 909412 | 209094120 | 第二样本阅览室/ [索取号:O4/636=2] | 在馆 | |
| 2 | 909413 | 209094139 | 密集书库-物理学院/ [索取号:O4/636=2] | 在馆 | |
| 3 | 909414 | 209094148 | 第三借阅区/ [索取号:O4/636=2] | 在馆 | |
| 4 | 909415 | 209094157 | 第三借阅区/ [索取号:O4/636=2] | 在馆 | |
| 5 | 909416 | 209094166 | 第三借阅区/ [索取号:O4/636=2] | 在馆 |